[Event "Heusenstamm Schloss op"]
[Site "Heusenstamm"]
[Date "2023.11.26"]
[Round "6"]
[White "Stehning, Toni"]
[Black "Zerhusen, Martin"]
[Result "1-0"]
[WhiteElo "1666"]
[BlackElo "1673"]
[PlyCount "43"]
[EventDate "2023.11.23"]
[EventType "swiss"]
[EventRounds "7"]
[EventCountry "GER"]
[SourceTitle "CB48_2023"]
[SourceDate "2023.11.29"]
[SourceVersion "1"]
[SourceVersionDate "2023.11.29"]
[SourceQuality "1"]

1. e4 e5 2. Bc4 Nf6 3. d4 Nc6 4. Nf3 Nxd4 5. Bxf7+ Kxf7 6. Nxe5+ Ke8 7. Qxd4 d6 8. Nf3 Bd7 9. 0-0 Bc6 10. Nc3 Be7 11. Re1 Rg8 12. Nd5 h6 13. Bd2 Kf7 14. Qc4 Bxd5 15. exd5 Qd7 16. Nd4 Rac8 17. Re6 Rge8 18. Rae1 a6 19. Qb3 b6 20. Qf3 Qa4 21. Nf5 Bf8 22. Nxh6+ 1-0

[Event "Heusenstamm Schloss op"]
[Site "Heusenstamm"]
[Date "2023.11.25"]
[Round "5"]
[White "Zerhusen, Martin"]
[Black "Heppert, Lars"]
[Result "0-1"]
[WhiteElo "1673"]
[BlackElo "1943"]
[PlyCount "58"]
[EventDate "2023.11.23"]
[EventType "swiss"]
[EventRounds "7"]
[EventCountry "GER"]
[SourceTitle "CB50_2023"]
[SourceDate "2023.12.13"]
[SourceVersion "1"]
[SourceVersionDate "2023.12.13"]
[SourceQuality "1"]

1. d4 d5 2. c4 e6 3. Nc3 a6 4. e3 Nf6 5. Nf3 Be7 6. Be2 0-0 7. 0-0 Nbd7 8. Bd2 dxc4 9. Bxc4 b5 10. Be2 Bb7 11. a3 c5 12. dxc5 Nxc5 13. Rc1 Qb6 14. b4 Nce4 15. Nxe4 Nxe4 16. Bc3 Nxc3 17. Rxc3 Rfd8 18. Qb1 Bf6 19. Rcc1 Rd5 20. Rfd1 Rad8 21. Rxd5 Rxd5 22. Qc2 Bd8 23. Nd4 e5 24. Nb3 Rd7 25. Qf5 Rc7 26. Qb1 Rxc1+ 27. Qxc1 Qg6 28. g3 Bb6 29. Bf1 Qe4 0-1

[Event "Rhein Main op-B 25th"]
[Site "Bad Homburg"]
[Date "2023.06.11"]
[Round "7"]
[White "Graef, Kilian Gabriel"]
[Black "Zerhusen, Martin"]
[Result "0-1"]
[WhiteElo "1377"]
[BlackElo "1686"]
[PlyCount "120"]
[EventDate "2023.06.07"]
[EventType "swiss"]
[EventRounds "7"]
[EventCountry "GER"]
[SourceTitle "CBM 215 Extra"]
[Source "ChessBase"]
[SourceDate "2023.09.30"]
[SourceVersion "1"]
[SourceVersionDate "2023.09.30"]
[SourceQuality "1"]

1. d4 d5 2. c4 c6 3. Nc3 e6 4. cxd5 cxd5 5. Nf3 Nf6 6. Bg5 Be7 7. e3 Nc6 8. Bd3 a6 9. a3 b5 10. b4 Bb7 11. 0-0 Rc8 12. Rc1 0-0 13. Na2 Nd7 14. Bxe7 Qxe7 15. Rc3 Nb6 16. Qb1 h6 17. Ne5 Nxe5 18. dxe5 Nc4 19. Qa1 Qg5 20. f4 Qg4 21. Bxc4 dxc4 22. g3 Rfd8 23. Qe1 Rd7 24. e4 Rcd8 25. Rc1 Rd2 26. Nc3 h5 27. Rf2 R2d3 28. Qe2 Qg6 29. Rf3 Rd2 30. Qe1 h4 31. f5 Qg4 32. Rf4 Qh3 33. Rf2 R2d3 34. gxh4 Qxh4 35. Re2 Qxe1+ 36. Rexe1 Rd2 37. Rb1 R8d3 38. Rec1 Rh3 39. Rd1 Rhxh2 40. fxe6 fxe6 41. Re1 Bc6 42. Re3 Rh5 43. Nd1 Rxe5 44. Nf2 Rg5+ 45. Kf1 Be8 46. e5 Rf5 47. Re2 Rxe2 48. Kxe2 Rxe5+ 49. Kf3 Bc6+ 50. Kf4 Re2 51. Ng4 Ra2 52. Rd1 Rxa3 53. Rd8+ Kh7 54. Kg5 Rg3 55. Kh4 Rg1 56. Ne5 Be4 57. Nf7 Bd5 58. Rh8+ Kg6 59. Ne5+ Kf6 60. Nd7+ Ke7 0-1

[Event "Rhein Main op-B 24th"]
[Site "Bad Homburg"]
[Date "2022.06.19"]
[Round "7"]
[White "Dubinker, Philipp"]
[Black "Zerhusen, Martin"]
[Result "1/2-1/2"]
[WhiteElo "1572"]
[BlackElo "1715"]
[PlyCount "84"]
[EventDate "2022.06.15"]
[EventType "swiss"]
[EventRounds "7"]
[EventCountry "GER"]
[SourceTitle "EXT 2023"]
[Source "ChessBase"]
[SourceDate "2022.10.05"]
[SourceVersion "1"]
[SourceVersionDate "2022.10.05"]
[SourceQuality "1"]

1. e4 e5 2. Nf3 Nf6 3. Nxe5 d6 4. Nf3 Nxe4 5. d4 d5 6. Bd3 Bf5 7. 0-0 Be7 8. Re1 0-0 9. c4 c6 10. Qb3 b6 11. Nc3 dxc4 12. Bxc4 Nxc3 13. bxc3 Nd7 14. Ba3 Bxa3 15. Qxa3 Bg4 16. Ne5 Nxe5 17. Rxe5 b5 18. Bb3 a5 19. Qc5 a4 20. Bc2 Rc8 21. Be4 Re8 22. Rxe8+ Qxe8 23. Re1 Kh8 24. Kf1 Be6 25. f4 Qd7 26. a3 g6 27. Kf2 Kg7 28. Bf3 Rc7 29. h3 Kg8 30. g4 Bd5 31. Re3 Bxf3 32. Kxf3 Qd5+ 33. Qxd5 cxd5 34. Ke2 f6 35. Kd3 Kf7 36. h4 h6 37. Re1 Re7 38. Rxe7+ Kxe7 39. Ke3 Ke6 40. Kf3 g5 41. hxg5 hxg5 42. fxg5 fxg5 1/2-1/2

[Event "Rhein Main op-B 24th"]
[Site "Bad Homburg"]
[Date "2022.06.16"]
[Round "3"]
[White "Krychevskiy, Dmytro"]
[Black "Zerhusen, Martin"]
[Result "1-0"]
[WhiteElo "1919"]
[BlackElo "1715"]
[PlyCount "55"]
[EventDate "2022.06.15"]
[EventType "swiss"]
[EventRounds "7"]
[EventCountry "GER"]
[SourceTitle "EXT 2023"]
[Source "ChessBase"]
[SourceDate "2022.10.05"]
[SourceVersion "1"]
[SourceVersionDate "2022.10.05"]
[SourceQuality "1"]

1. e4 e5 2. Nf3 Nf6 3. Nxe5 d6 4. Nf3 Nxe4 5. d4 d5 6. Bd3 Bf5 7. 0-0 Be7 8. Re1 0-0 9. c4 c6 10. Nc3 Nxc3 11. bxc3 Bxd3 12. Qxd3 dxc4 13. Qxc4 Nd7 14. a4 Nf6 15. a5 Rc8 16. Bg5 h6 17. Bh4 g5 18. Bg3 Nd5 19. Qb3 b5 20. axb6 axb6 21. c4 Nb4 22. Rxe7 Qxe7 23. Re1 Qd8 24. Qxb4 g4 25. Nh4 Qxd4 26. Nf5 c5 27. Ne7+ Kh7 28. Qb1+ 1-0

[Event "Rhein Main op-B 22nd"]
[Site "Bad Homburg"]
[Date "2019.06.23"]
[Round "7"]
[White "Spiegelberg, Silvia"]
[Black "Zerhusen, Martin"]
[Result "1-0"]
[WhiteElo "1898"]
[BlackElo "1668"]
[PlyCount "69"]
[EventDate "2019.06.19"]
[EventType "swiss"]
[EventRounds "7"]
[EventCountry "GER"]
[SourceTitle "EXT 2020"]
[Source "ChessBase"]
[SourceDate "2019.10.17"]
[SourceVersion "1"]
[SourceVersionDate "2019.10.17"]
[SourceQuality "1"]

1. e4 c6 2. c4 d5 3. exd5 cxd5 4. cxd5 Qxd5 5. Nc3 Qd8 6. d4 e6 7. Nf3 Nf6 8. Bd3 Be7 9. 0-0 Nc6 10. a3 a6 11. h3 0-0 12. Be3 Nd5 13. Qc2 g6 14. Nxd5 exd5 15. Rfe1 Bf6 16. Qd2 Re8 17. Rac1 Bd7 18. Rc5 Be6 19. Bb1 Rc8 20. Rcc1 Qb6 21. Ne5 Na5 22. Qe2 Rxc1 23. Rxc1 Rc8 24. Rxc8+ Bxc8 25. b4 Nc6 26. Qf3 Qd8 27. Ba2 Bxe5 28. dxe5 Be6 29. Qg3 Ne7 30. Bg5 Qc7 31. Qd3 Nc6 32. f4 Qd7 33. Qd2 Na7 34. Bf6 Nb5 35. f5 1-0

[Event "Heusenstamm Sparkassen op-B 5th"]
[Site "Heusenstamm"]
[Date "2018.11.24"]
[Round "4"]
[White "Lohia, Sohum"]
[Black "Zerhusen, Martin"]
[Result "1-0"]
[WhiteElo "1562"]
[BlackElo "1711"]
[PlyCount "59"]
[EventDate "2018.11.22"]
[EventType "swiss"]
[EventRounds "7"]
[EventCountry "GER"]
[SourceTitle "CBM 187 Extra"]
[Source "ChessBase"]
[SourceDate "2018.11.04"]
[SourceVersion "1"]
[SourceVersionDate "2018.11.04"]
[SourceQuality "1"]

1. e4 c5 2. Nc3 d6 3. f4 Nc6 4. Nf3 g6 5. Bc4 Bg7 6. 0-0 e6 7. d4 Nxd4 8. Be3 Nxf3+ 9. Qxf3 Ne7 10. f5 gxf5 11. exf5 Bxc3 12. fxe6 Bxe6 13. Bb5+ Kf8 14. bxc3 Nf5 15. Bf4 a6 16. Bd3 Nh4 17. Bh6+ Ke8 18. Qg3 Ng6 19. Rae1 Kd7 20. Bf5 Re8 21. Bxe6+ fxe6 22. Rd1 e5 23. Rf7+ Kc6 24. Qd3 d5 25. Rdf1 Re6 26. Rxh7 Qb6 27. c4 Rd8 28. Rff7 Qb1+ 29. Kf2 d4 30. Qe4+ 1-0

[Event "Heusenstamm Sparkassen op-B 5th"]
[Site "Heusenstamm"]
[Date "2018.11.24"]
[Round "5"]
[White "Zerhusen, Martin"]
[Black "Schmid, Leon"]
[Result "1-0"]
[WhiteElo "1711"]
[BlackElo "1260"]
[PlyCount "55"]
[EventDate "2018.11.22"]
[EventType "swiss"]
[EventRounds "7"]
[EventCountry "GER"]
[SourceTitle "CBM 187 Extra"]
[Source "ChessBase"]
[SourceDate "2018.11.04"]
[SourceVersion "1"]
[SourceVersionDate "2018.11.04"]
[SourceQuality "1"]

1. d4 d5 2. c4 dxc4 3. e4 Nf6 4. Nc3 Nc6 5. Be3 e6 6. Bxc4 Bb4 7. f3 h6 8. Nge2 0-0 9. 0-0 a6 10. a3 Bd6 11. e5 Nxe5 12. dxe5 Bxe5 13. Qxd8 Rxd8 14. Rad1 Bd7 15. Rd2 Bc6 16. Rfd1 Rxd2 17. Rxd2 b5 18. Bd3 Bd7 19. Bf4 Bxf4 20. Nxf4 Rb8 21. Ne4 Nxe4 22. Bxe4 Be8 23. Rc2 Rd8 24. Rxc7 Rd1+ 25. Kf2 Rd2+ 26. Kg3 Rxb2 27. Rc8 Ra2 28. Rxe8# 1-0

[Event "Heusenstamm Sparkassen op-B 4th"]
[Site "Heusenstamm"]
[Date "2017.11.26"]
[Round "7"]
[White "Zerhusen, Martin"]
[Black "Muegendt, Brian Christopher"]
[Result "1-0"]
[WhiteElo "1751"]
[BlackElo "1732"]
[PlyCount "85"]
[EventDate "2017.11.23"]
[EventType "swiss"]
[EventRounds "7"]
[EventCountry "GER"]
[SourceTitle "EXT 2019"]
[Source "ChessBase"]
[SourceDate "2018.10.10"]
[SourceVersion "1"]
[SourceVersionDate "2018.10.10"]
[SourceQuality "1"]

1. d4 Nf6 2. c4 g6 3. Nc3 Bg7 4. e4 d6 5. f3 0-0 6. Be3 Nc6 7. Bd3 a6 8. Nge2 Rb8 9. 0-0 Bd7 10. a3 Na7 11. d5 c5 12. Rb1 b5 13. b4 bxc4 14. Bxc4 Nb5 15. Bxb5 Bxb5 16. Nxb5 Rxb5 17. bxc5 dxc5 18. Rxb5 axb5 19. Bxc5 Nd7 20. Bb4 Qb6+ 21. Kh1 Bf6 22. Qc2 Ne5 23. Qc5 Qb8 24. Qe3 Nc4 25. Qd3 Rc8 26. f4 Rd8 27. e5 Bg7 28. Bxe7 Rd7 29. Bb4 Qb7 30. d6 Qb6 31. Qd4 Qb7 32. Nc3 Qa6 33. Qc5 Nxa3 34. Bxa3 b4 35. Qb5 Qxa3 36. Qxd7 Qxc3 37. Qe8+ Bf8 38. d7 Qd3 39. Rg1 Qd4 40. d8Q Qc5 41. Qxf8+ Qxf8 42. Qxf8+ Kxf8 43. Rb1 1-0

[Event "Heusenstamm Sparkassen op-B 4th"]
[Site "Heusenstamm"]
[Date "2017.11.24"]
[Round "2"]
[White "Kiel, Gerhard"]
[Black "Zerhusen, Martin"]
[Result "0-1"]
[WhiteElo "1571"]
[BlackElo "1751"]
[PlyCount "110"]
[EventDate "2017.11.23"]
[EventType "swiss"]
[EventRounds "7"]
[EventCountry "GER"]
[SourceTitle "EXT 2019"]
[Source "ChessBase"]
[SourceDate "2018.10.10"]
[SourceVersion "1"]
[SourceVersionDate "2018.10.10"]
[SourceQuality "1"]

1. Nf3 d5 2. b3 c5 3. Bb2 Nc6 4. e3 a6 5. d3 Bg4 6. Be2 e6 7. 0-0 Nf6 8. Nbd2 Be7 9. h3 Bh5 10. Nh2 Bg6 11. f4 0-0 12. Ndf3 h6 13. Qe1 Nd7 14. Ng4 Nb4 15. a3 Nc6 16. Rd1 Rc8 17. Qg3 Kh7 18. Qe1 Nf6 19. Nfh2 b5 20. Bf3 Nxg4 21. hxg4 Kg8 22. Qg3 Qc7 23. Be2 f6 24. Nf3 Na5 25. Qh3 Qd8 26. Kf2 Bh7 27. Rh1 Kf7 28. Kg1 Rh8 29. Rf1 Bg6 30. f5 exf5 31. gxf5 Bh7 32. Nh4 c4 33. b4 Nc6 34. Bh5+ Kf8 35. d4 Bd6 36. Ng6+ Bxg6 37. fxg6 Rc7 38. Rf5 Rd7 39. Kf1 Bc7 40. Ke2 Ne7 41. Rf2 Nc6 42. Rhf1 Qe7 43. Kd2 Qd6 44. Bc3 Ke7 45. Bg4 Rdd8 46. Rf5 Ke8 47. Bf3 Ne7 48. Rh5 Rf8 49. Bg4 Qg3 50. Rxh6 gxh6 51. g7 Rf7 52. Qxg3 Bxg3 53. Bh5 Bh4 54. e4 dxe4 55. Rf4 Bg5 0-1

[Event "Rhein Main op-B 20th"]
[Site "Bad Homburg"]
[Date "2017.06.17"]
[Round "6"]
[White "Zerhusen, Martin"]
[Black "Winter, Thomas"]
[Result "1-0"]
[WhiteElo "1750"]
[BlackElo "1545"]
[PlyCount "85"]
[EventDate "2017.06.14"]
[EventType "swiss"]
[EventRounds "7"]
[EventCountry "GER"]
[SourceTitle "EXT 2018"]
[Source "ChessBase"]
[SourceDate "2017.10.13"]
[SourceVersion "1"]
[SourceVersionDate "2017.10.13"]
[SourceQuality "1"]

1. d4 d6 2. c4 Nf6 3. Nc3 e5 4. d5 Be7 5. e4 c6 6. Bd3 0-0 7. Nge2 cxd5 8. cxd5 a5 9. 0-0 Nbd7 10. h3 Nc5 11. Be3 Nxd3 12. Qxd3 b6 13. f3 Ba6 14. Qd2 b5 15. b3 b4 16. Na4 Nd7 17. Rfc1 Bb5 18. Nb2 Rc8 19. Rxc8 Qxc8 20. Rc1 Qb7 21. Ng3 g6 22. Qc2 Nf6 23. Qc7 Qxc7 24. Rxc7 Bd8 25. Rc8 Nd7 26. Nf1 Be7 27. Rxf8+ Kxf8 28. Nd2 Bd8 29. Kf2 Nb6 30. Ke1 Kg7 31. Ndc4 Nxc4 32. Nxc4 Bxc4 33. bxc4 h6 34. c5 dxc5 35. Bxc5 f5 36. Kd2 Kf6 37. Bd6 g5 38. g4 f4 39. Kc2 Be7 40. Bxe7+ Kxe7 41. Kb3 Kd6 42. Ka4 Kc5 43. Kxa5 1-0

[Event "Heusenstamm Sparkassen op-A 3rd"]
[Site "Heusenstamm"]
[Date "2016.11.27"]
[Round "6"]
[White "Wuestehube, Harry"]
[Black "Zerhusen, Martin"]
[Result "1-0"]
[WhiteElo "1884"]
[BlackElo "1774"]
[PlyCount "43"]
[EventDate "2016.11.24"]
[EventType "swiss"]
[EventRounds "7"]
[EventCountry "GER"]
[SourceTitle "EXT 2018"]
[Source "ChessBase"]
[SourceDate "2017.10.13"]
[SourceVersion "1"]
[SourceVersionDate "2017.10.13"]
[SourceQuality "1"]

1. e4 c5 2. Nc3 d6 3. f4 Nc6 4. Nf3 e6 5. Bb5 Bd7 6. 0-0 a6 7. Bxc6 Bxc6 8. d3 Ne7 9. Qe1 Qc7 10. a4 b6 11. Bd2 d5 12. exd5 Bxd5 13. f5 Bxf3 14. Rxf3 e5 15. Qe4 Rd8 16. f6 Ng6 17. Raf1 Rd7 18. Qa8+ Rd8 19. Qxa6 Rd7 20. Bg5 Qb7 21. Qb5 h6 22. fxg7 1-0

[Event "Heusenstamm Sparkassen op-A 3rd"]
[Site "Heusenstamm"]
[Date "2016.11.27"]
[Round "7"]
[White "Zerhusen, Martin"]
[Black "Koellner, Aaron Noah"]
[Result "1/2-1/2"]
[WhiteElo "1774"]
[BlackElo "1843"]
[PlyCount "143"]
[EventDate "2016.11.24"]
[EventType "swiss"]
[EventRounds "7"]
[EventCountry "GER"]
[SourceTitle "EXT 2018"]
[Source "ChessBase"]
[SourceDate "2017.10.13"]
[SourceVersion "1"]
[SourceVersionDate "2017.10.13"]
[SourceQuality "1"]

1. d4 Nf6 2. Nf3 c5 3. d5 e6 4. dxe6 fxe6 5. c4 Be7 6. Nc3 0-0 7. e4 Nc6 8. Bd3 d6 9. 0-0 Nd7 10. a3 b6 11. Rb1 Bf6 12. Nb5 Nde5 13. Nxe5 Bxe5 14. f4 Bf6 15. Bc2 Nd4 16. Nc3 Bb7 17. Bd3 Qe7 18. Be3 Kh8 19. Ne2 e5 20. f5 Bg5 21. Bxd4 exd4 22. Ng3 Be3+ 23. Kh1 Rf6 24. Qg4 Rh6 25. f6 Rxf6 26. Nf5 Qc7 27. Nxe3 dxe3 28. Rxf6 gxf6 29. Qf4 Qe7 30. Re1 Rg8 31. Rxe3 Qe5 32. Rf3 Rg6 33. Qxe5 dxe5 34. h3 Kg7 35. Kg1 h5 36. Kf2 h4 37. Rf5 Rg3 38. Rf3 Rg5 39. g4 hxg3+ 40. Rxg3 Kh6 41. Rxg5 Kxg5 42. Kg3 f5 43. exf5 e4 44. Be2 Kxf5 45. h4 Bc6 46. Bf1 Be8 47. Be2 Bf7 48. h5 Kg5 49. a4 a6 50. b3 Be8 51. Bd1 Kf5 52. Be2 Ke5 53. h6 Bg6 54. Kf2 Kd4 55. Bd1 Kd3 56. Ke1 Ke3 57. Be2 Kf4 58. Bh5 Bh7 59. Ke2 Kg5 60. Bf7 Kxh6 61. Ke3 Bf5 62. Be8 Kg5 63. Bc6 Bg4 64. Kxe4 Bd1 65. Kd5 Bxb3 66. Bd7 Kf6 67. Bc8 b5 68. axb5 axb5 69. Kxc5 bxc4 70. Kd4 Ke7 71. Ba6 Ke6 72. Bxc4+ 1/2-1/2

[Event "Heusenstamm Sparkassen op-A 3rd"]
[Site "Heusenstamm"]
[Date "2016.11.27"]
[Round "4"]
[White "Zimmer, Gerald"]
[Black "Zerhusen, Martin"]
[Result "1-0"]
[WhiteElo "1929"]
[BlackElo "1774"]
[PlyCount "53"]
[EventDate "2016.11.24"]
[EventType "swiss"]
[EventRounds "7"]
[EventCountry "GER"]
[SourceTitle "EXT 2018"]
[Source "ChessBase"]
[SourceDate "2017.10.13"]
[SourceVersion "1"]
[SourceVersionDate "2017.10.13"]
[SourceQuality "1"]

1. d4 d5 2. c4 c6 3. Nc3 Nf6 4. Nf3 e6 5. e3 Be7 6. Bd3 a6 7. a4 c5 8. 0-0 Nc6 9. cxd5 Nxd5 10. Nxd5 Qxd5 11. e4 Qd8 12. Be3 cxd4 13. Nxd4 Ne5 14. Be2 0-0 15. Qb3 Ng6 16. Rfd1 Qa5 17. g3 Qb4 18. Rac1 Rd8 19. Qxb4 Bxb4 20. Nc2 Rxd1+ 21. Rxd1 Be7 22. Bb6 Kf8 23. f4 Ke8 24. Ne3 Bd7 25. b3 Rc8 26. Nc4 Bxa4 27. bxa4 1-0

[Event "Wiesbaden op 28th"]
[Site "Wiesbaden"]
[Date "2016.08.28"]
[Round "6"]
[White "Boerkey, Joel"]
[Black "Zerhusen, Martin"]
[Result "1/2-1/2"]
[WhiteElo "1598"]
[BlackElo "1789"]
[PlyCount "71"]
[EventDate "2016.08.25"]
[EventType "swiss"]
[EventRounds "7"]
[EventCountry "GER"]
[SourceTitle "CBM 174 Extra"]
[Source "ChessBase"]
[SourceDate "2016.10.10"]
[SourceVersion "1"]
[SourceVersionDate "2016.10.10"]
[SourceQuality "1"]

1. d4 d5 2. Bf4 Nf6 3. e3 e6 4. Nf3 c5 5. c3 Nc6 6. Nbd2 Be7 7. Bd3 0-0 8. Qc2 a6 9. 0-0 Bd7 10. e4 g6 11. e5 Nh5 12. Bh6 Ng7 13. Rfe1 cxd4 14. Nxd4 Nxd4 15. cxd4 Qb6 16. Be3 Rfc8 17. Qb3 Qxb3 18. Nxb3 Ba4 19. Nd2 Rc7 20. Nf1 Rac8 21. Rec1 Bb4 22. Rxc7 Rxc7 23. Rc1 Rxc1 24. Bxc1 Kf8 25. Bd2 Be7 26. Ne3 Ne8 27. Kf1 Nc7 28. Ba5 Bb5 29. Bxc7 Bxd3+ 30. Ke1 Bb4+ 31. Kd1 Ke8 32. a3 Be7 33. Kd2 Bb5 34. Kc3 Kd7 35. Ba5 Bg5 36. Kd2 1/2-1/2

[Event "Wiesbaden op 28th"]
[Site "Wiesbaden"]
[Date "2016.08.28"]
[Round "7"]
[White "Zerhusen, Martin"]
[Black "Lorenz, Hermann"]
[Result "1-0"]
[WhiteElo "1789"]
[BlackElo "1663"]
[PlyCount "55"]
[EventDate "2016.08.25"]
[EventType "swiss"]
[EventRounds "7"]
[EventCountry "GER"]
[SourceTitle "CBM 174 Extra"]
[Source "ChessBase"]
[SourceDate "2016.10.10"]
[SourceVersion "1"]
[SourceVersionDate "2016.10.10"]
[SourceQuality "1"]

1. d4 Nf6 2. c4 g6 3. Nc3 d5 4. cxd5 Nxd5 5. Nf3 Bg7 6. e3 0-0 7. Bd2 b6 8. Bc4 Bb7 9. 0-0 a6 10. Rc1 b5 11. Bxd5 Bxd5 12. Nxd5 Qxd5 13. Rxc7 Qxa2 14. Qc2 Qe6 15. Bb4 Nd7 16. Ng5 Qf6 17. Rxd7 Qxg5 18. Bxe7 Qg4 19. Rc7 Rfc8 20. Rc1 Re8 21. h3 Qe6 22. Bh4 Bf8 23. Qc6 Qb3 24. Qc3 Qe6 25. Bg3 h5 26. Rc6 Qd7 27. Qb3 Kh7 28. Rc7 1-0

[Event "Frankfurt-chA"]
[Site "Frankfurt"]
[Date "2016.06.06"]
[Round "6"]
[White "Kretner, Georg Ulrich"]
[Black "Zerhusen, Martin"]
[Result "1-0"]
[WhiteElo "1880"]
[BlackElo "1684"]
[PlyCount "43"]
[EventDate "2016.04.25"]
[EventType "swiss"]
[EventRounds "9"]
[EventCountry "GER"]
[SourceTitle "EXT 2018"]
[Source "ChessBase"]
[SourceDate "2017.10.13"]
[SourceVersion "1"]
[SourceVersionDate "2017.10.13"]
[SourceQuality "1"]

1. d4 d5 2. c4 c6 3. Nf3 Nf6 4. Nc3 e6 5. e3 Be7 6. Bd3 0-0 7. 0-0 b6 8. Qe2 Bb7 9. Rd1 Nbd7 10. cxd5 Nxd5 11. e4 Nxc3 12. bxc3 Re8 13. e5 Nf8 14. Qe4 Ng6 15. Qg4 Rc8 16. Ng5 Qc7 17. h4 Bxg5 18. Bxg5 c5 19. h5 Nf8 20. Bf6 g6 21. Qg5 Qc6 22. f3 1-0

[Event "Rhein Main op-B 19th"]
[Site "Bad Homburg"]
[Date "2016.05.26"]
[Round "2"]
[White "Zerhusen, Martin"]
[Black "Theobald, Fabian"]
[Result "1-0"]
[WhiteElo "1787"]
[BlackElo "1501"]
[PlyCount "129"]
[EventDate "2016.05.25"]
[EventType "swiss"]
[EventRounds "7"]
[EventCountry "GER"]
[SourceTitle "EXT 2017"]
[Source "ChessBase"]
[SourceDate "2016.10.25"]
[SourceVersion "1"]
[SourceVersionDate "2016.10.25"]
[SourceQuality "1"]

1. d4 d5 2. c4 dxc4 3. Nc3 Bf5 4. e4 Bg6 5. Bxc4 e6 6. Nge2 Bb4 7. 0-0 Nf6 8. f3 0-0 9. Be3 Qe7 10. a3 Bxc3 11. bxc3 Rd8 12. Qb3 b6 13. Rfd1 Nc6 14. Bb5 Na5 15. Qb4 Kf8 16. Bg5 a6 17. Bxf6 gxf6 18. Qxe7+ Kxe7 19. Ba4 b5 20. Bc2 Nb7 21. Nf4 c6 22. Bb3 Na5 23. Ba2 Rd7 24. Rd2 Rad8 25. Rad1 f5 26. e5 c5 27. Kf2 Nc6 28. Ke3 c4 29. Bb1 f6 30. exf6+ Kxf6 31. d5 exd5 32. Rxd5 Rxd5 33. Rxd5 Rxd5 34. Nxd5+ Ke5 35. Nf4 Ne7 36. Bc2 Bf7 37. g3 h5 38. h4 Ng6 39. Nxh5 Nxh4 40. f4+ Ke6 41. Ng7+ Kf6 42. gxh4 Kxg7 43. Bxf5 Be8 44. Kd4 Kf6 45. Bg4 Ke7 46. Kc5 a5 47. Kb6 b4 48. cxb4 axb4 49. axb4 c3 50. Bf5 Ba4 51. Kc7 Kf6 52. Bd3 c2 53. Bxc2 Bxc2 54. b5 Be4 55. b6 Kf5 56. h5 Kxf4 57. h6 Kg5 58. h7 Bxh7 59. b7 Bf5 60. b8Q Kf6 61. Kd6 Kg5 62. Ke5 Bg6 63. Qg8 Kh5 64. Kf6 Kh6 65. Qxg6# 1-0

[Event "Rhein Main op-B 19th"]
[Site "Bad Homburg"]
[Date "2016.05.25"]
[Round "1"]
[White "Sabel, Peter"]
[Black "Zerhusen, Martin"]
[Result "0-1"]
[WhiteElo "1383"]
[BlackElo "1787"]
[PlyCount "90"]
[EventDate "2016.05.25"]
[EventType "swiss"]
[EventRounds "7"]
[EventCountry "GER"]
[SourceTitle "EXT 2017"]
[Source "ChessBase"]
[SourceDate "2016.10.25"]
[SourceVersion "1"]
[SourceVersionDate "2016.10.25"]
[SourceQuality "1"]

1. e4 c5 2. Nf3 Nc6 3. d4 cxd4 4. Nxd4 d6 5. c4 Bd7 6. Nc3 g6 7. Nxc6 Bxc6 8. Bd3 Bg7 9. Bd2 Nf6 10. 0-0 0-0 11. Re1 Rc8 12. Rb1 Re8 13. Nd5 e6 14. Nxf6+ Bxf6 15. Qc2 d5 16. e5 dxc4 17. Bxc4 Bg7 18. Rbd1 Bd5 19. b3 b5 20. Bc1 bxc4 21. bxc4 Rxc4 22. Qxc4 Bxc4 23. Rxd8 Rxd8 24. Bg5 Rd5 25. Bf4 h6 26. f3 Bxa2 27. Ra1 Ra5 28. Kf2 Ra4 29. Bg3 Bb3 30. Rxa4 Bxa4 31. Ke3 Bb5 32. Kd4 Bf1 33. f4 Bxg2 34. Bf2 a6 35. Kc5 Bf1 36. Be1 g5 37. fxg5 hxg5 38. Kd6 Bf8+ 39. Kc6 Kh7 40. Bd2 Kg6 41. Kd7 Bb5+ 42. Kc7 Kf5 43. Bc3 g4 44. Kb6 Bg7 45. Kc5 Bxe5 0-1